<?xml version="1.0" encoding="UTF-8"?>
<record
    xmlns:xsi="http://www.w3.org/2001/XMLSchema-instance"
    xsi:schemaLocation="http://www.loc.gov/MARC21/slim http://www.loc.gov/standards/marcxml/schema/MARC21slim.xsd"
    xmlns="http://www.loc.gov/MARC21/slim">

  <leader>00454nam a22001817a 4500</leader>
  <controlfield tag="005">20230114112521.0</controlfield>
  <controlfield tag="008">190603b        xxu||||| |||| 00| 0 eng d</controlfield>
  <datafield tag="020" ind1=" " ind2=" ">
    <subfield code="a">978-93-86700-20-9</subfield>
  </datafield>
  <datafield tag="041" ind1=" " ind2=" ">
    <subfield code="a">eng</subfield>
  </datafield>
  <datafield tag="082" ind1=" " ind2=" ">
    <subfield code="a">510.71</subfield>
  </datafield>
  <datafield tag="100" ind1=" " ind2=" ">
    <subfield code="a">SHARMA, DR. P.K.</subfield>
    <subfield code="9">5033</subfield>
  </datafield>
  <datafield tag="245" ind1=" " ind2=" ">
    <subfield code="a">A TEXTBOOK OF REMEDIAL MATHEMATICS</subfield>
  </datafield>
  <datafield tag="250" ind1=" " ind2=" ">
    <subfield code="a">3rd, Ed. 2018</subfield>
  </datafield>
  <datafield tag="260" ind1=" " ind2=" ">
    <subfield code="a">PUNE</subfield>
    <subfield code="b">NIRALI PRAKASHAN</subfield>
  </datafield>
  <datafield tag="300" ind1=" " ind2=" ">
    <subfield code="a">A.10p,</subfield>
  </datafield>
  <datafield tag="650" ind1=" " ind2=" ">
    <subfield code="a">PHARMACY</subfield>
    <subfield code="x">B.PHARMA</subfield>
    <subfield code="9">7083</subfield>
  </datafield>
  <datafield tag="942" ind1=" " ind2=" ">
    <subfield code="c">BK</subfield>
  </datafield>
  <datafield tag="999" ind1=" " ind2=" ">
    <subfield code="c">5930</subfield>
    <subfield code="d">5928</subfield>
  </datafield>
  <datafield tag="952" ind1=" " ind2=" ">
    <subfield code="0">0</subfield>
    <subfield code="1">0</subfield>
    <subfield code="4">0</subfield>
    <subfield code="7">0</subfield>
    <subfield code="8">REF</subfield>
    <subfield code="a">JRU</subfield>
    <subfield code="b">JRU</subfield>
    <subfield code="c">SHELF-3-E</subfield>
    <subfield code="d">2019-06-03</subfield>
    <subfield code="e">PURCHESS</subfield>
    <subfield code="g">280.00</subfield>
    <subfield code="l">0</subfield>
    <subfield code="o">510.71</subfield>
    <subfield code="p">22940</subfield>
    <subfield code="r">2019-06-03 00:00:00</subfield>
    <subfield code="w">2019-06-03</subfield>
    <subfield code="y">BK</subfield>
  </datafield>
  <datafield tag="952" ind1=" " ind2=" ">
    <subfield code="0">0</subfield>
    <subfield code="1">0</subfield>
    <subfield code="4">0</subfield>
    <subfield code="7">0</subfield>
    <subfield code="8">PHARMACY</subfield>
    <subfield code="a">JRU</subfield>
    <subfield code="b">JRU</subfield>
    <subfield code="c">SHELF - 17 - J</subfield>
    <subfield code="d">2019-06-03</subfield>
    <subfield code="e">PURCHESS</subfield>
    <subfield code="g">280.00</subfield>
    <subfield code="l">7</subfield>
    <subfield code="m">3</subfield>
    <subfield code="o">510.71</subfield>
    <subfield code="p">22941</subfield>
    <subfield code="r">2026-03-26 08:31:21</subfield>
    <subfield code="s">2026-03-17</subfield>
    <subfield code="w">2019-06-03</subfield>
    <subfield code="y">BK</subfield>
  </datafield>
  <datafield tag="952" ind1=" " ind2=" ">
    <subfield code="0">0</subfield>
    <subfield code="1">0</subfield>
    <subfield code="4">0</subfield>
    <subfield code="7">0</subfield>
    <subfield code="8">PHARMACY</subfield>
    <subfield code="a">JRU</subfield>
    <subfield code="b">JRU</subfield>
    <subfield code="c">SHELF-59-D</subfield>
    <subfield code="d">2019-06-03</subfield>
    <subfield code="e">PURCHESS</subfield>
    <subfield code="g">280.00</subfield>
    <subfield code="l">0</subfield>
    <subfield code="o">510.71</subfield>
    <subfield code="p">22942</subfield>
    <subfield code="r">2019-06-03 00:00:00</subfield>
    <subfield code="w">2019-06-03</subfield>
    <subfield code="y">BK</subfield>
  </datafield>
  <datafield tag="952" ind1=" " ind2=" ">
    <subfield code="0">0</subfield>
    <subfield code="1">0</subfield>
    <subfield code="4">0</subfield>
    <subfield code="7">0</subfield>
    <subfield code="8">PHARMACY</subfield>
    <subfield code="a">JRU</subfield>
    <subfield code="b">JRU</subfield>
    <subfield code="c">SHELF - 17 - I</subfield>
    <subfield code="d">2019-06-03</subfield>
    <subfield code="e">PURCHESS</subfield>
    <subfield code="g">280.00</subfield>
    <subfield code="l">9</subfield>
    <subfield code="m">2</subfield>
    <subfield code="o">510.71</subfield>
    <subfield code="p">22943</subfield>
    <subfield code="r">2025-09-26 17:04:24</subfield>
    <subfield code="s">2025-09-16</subfield>
    <subfield code="w">2019-06-03</subfield>
    <subfield code="y">BK</subfield>
  </datafield>
  <datafield tag="952" ind1=" " ind2=" ">
    <subfield code="0">0</subfield>
    <subfield code="1">0</subfield>
    <subfield code="4">0</subfield>
    <subfield code="7">0</subfield>
    <subfield code="8">PHARMACY</subfield>
    <subfield code="a">JRU</subfield>
    <subfield code="b">JRU</subfield>
    <subfield code="c">SHELF - 17 - J</subfield>
    <subfield code="d">2019-06-03</subfield>
    <subfield code="e">PURCHESS</subfield>
    <subfield code="g">280.00</subfield>
    <subfield code="l">8</subfield>
    <subfield code="m">1</subfield>
    <subfield code="o">510.71</subfield>
    <subfield code="p">22944</subfield>
    <subfield code="r">2025-01-09 12:55:36</subfield>
    <subfield code="s">2024-12-18</subfield>
    <subfield code="w">2019-06-03</subfield>
    <subfield code="y">BK</subfield>
  </datafield>
  <datafield tag="952" ind1=" " ind2=" ">
    <subfield code="0">0</subfield>
    <subfield code="1">0</subfield>
    <subfield code="4">0</subfield>
    <subfield code="7">0</subfield>
    <subfield code="8">PHARMACY</subfield>
    <subfield code="a">JRU</subfield>
    <subfield code="b">JRU</subfield>
    <subfield code="c">SHELF - 17 - J</subfield>
    <subfield code="d">2019-06-03</subfield>
    <subfield code="e">PURCHESS</subfield>
    <subfield code="g">280.00</subfield>
    <subfield code="l">4</subfield>
    <subfield code="m">2</subfield>
    <subfield code="o">510.71</subfield>
    <subfield code="p">22945</subfield>
    <subfield code="r">2022-12-17 00:00:00</subfield>
    <subfield code="s">2022-09-22</subfield>
    <subfield code="w">2019-06-03</subfield>
    <subfield code="y">BK</subfield>
  </datafield>
  <datafield tag="952" ind1=" " ind2=" ">
    <subfield code="0">0</subfield>
    <subfield code="1">0</subfield>
    <subfield code="4">0</subfield>
    <subfield code="7">0</subfield>
    <subfield code="8">PHARMACY</subfield>
    <subfield code="a">JRU</subfield>
    <subfield code="b">JRU</subfield>
    <subfield code="c">SHELF - 17 - J</subfield>
    <subfield code="d">2019-06-03</subfield>
    <subfield code="e">PURCHESS</subfield>
    <subfield code="g">280.00</subfield>
    <subfield code="l">8</subfield>
    <subfield code="m">3</subfield>
    <subfield code="o">510.71</subfield>
    <subfield code="p">22946</subfield>
    <subfield code="r">2025-12-17 11:22:04</subfield>
    <subfield code="s">2025-12-05</subfield>
    <subfield code="w">2019-06-03</subfield>
    <subfield code="y">BK</subfield>
  </datafield>
  <datafield tag="952" ind1=" " ind2=" ">
    <subfield code="0">0</subfield>
    <subfield code="1">0</subfield>
    <subfield code="4">0</subfield>
    <subfield code="7">0</subfield>
    <subfield code="8">PHARMACY</subfield>
    <subfield code="a">JRU</subfield>
    <subfield code="b">JRU</subfield>
    <subfield code="c">Shelf - 23- J</subfield>
    <subfield code="d">2019-06-03</subfield>
    <subfield code="e">PURCHESS</subfield>
    <subfield code="g">280.00</subfield>
    <subfield code="l">2</subfield>
    <subfield code="m">1</subfield>
    <subfield code="o">510.71</subfield>
    <subfield code="p">22947</subfield>
    <subfield code="r">2022-03-22 00:00:00</subfield>
    <subfield code="s">2022-03-12</subfield>
    <subfield code="w">2019-06-03</subfield>
    <subfield code="y">BK</subfield>
  </datafield>
  <datafield tag="952" ind1=" " ind2=" ">
    <subfield code="0">0</subfield>
    <subfield code="1">0</subfield>
    <subfield code="4">0</subfield>
    <subfield code="7">0</subfield>
    <subfield code="8">PHARMACY</subfield>
    <subfield code="a">JRU</subfield>
    <subfield code="b">JRU</subfield>
    <subfield code="c">SHELF - 17 - I</subfield>
    <subfield code="d">2019-06-03</subfield>
    <subfield code="e">PURCHESS</subfield>
    <subfield code="g">280.00</subfield>
    <subfield code="l">9</subfield>
    <subfield code="m">4</subfield>
    <subfield code="o">510.71</subfield>
    <subfield code="p">22948</subfield>
    <subfield code="r">2025-12-18 08:00:54</subfield>
    <subfield code="s">2025-12-05</subfield>
    <subfield code="w">2019-06-03</subfield>
    <subfield code="y">BK</subfield>
  </datafield>
  <datafield tag="952" ind1=" " ind2=" ">
    <subfield code="0">0</subfield>
    <subfield code="1">0</subfield>
    <subfield code="4">0</subfield>
    <subfield code="7">0</subfield>
    <subfield code="8">PHARMACY</subfield>
    <subfield code="a">JRU</subfield>
    <subfield code="b">JRU</subfield>
    <subfield code="c">SHELF - 17 - J</subfield>
    <subfield code="d">2019-06-03</subfield>
    <subfield code="e">PURCHESS</subfield>
    <subfield code="g">280.00</subfield>
    <subfield code="l">7</subfield>
    <subfield code="m">1</subfield>
    <subfield code="o">510.71</subfield>
    <subfield code="p">22949</subfield>
    <subfield code="r">2025-09-20 14:35:37</subfield>
    <subfield code="s">2025-09-09</subfield>
    <subfield code="w">2019-06-03</subfield>
    <subfield code="y">BK</subfield>
  </datafield>
  <datafield tag="952" ind1=" " ind2=" ">
    <subfield code="0">0</subfield>
    <subfield code="1">0</subfield>
    <subfield code="4">0</subfield>
    <subfield code="7">0</subfield>
    <subfield code="8">PHARMACY</subfield>
    <subfield code="a">JRU</subfield>
    <subfield code="b">JRU</subfield>
    <subfield code="c">SHELF - 17 - J</subfield>
    <subfield code="d">2022-02-09</subfield>
    <subfield code="e">PURCHASE</subfield>
    <subfield code="g">325.00</subfield>
    <subfield code="l">2</subfield>
    <subfield code="o">510.71</subfield>
    <subfield code="p">26128</subfield>
    <subfield code="r">2023-01-09 00:00:00</subfield>
    <subfield code="s">2023-01-02</subfield>
    <subfield code="w">2022-02-09</subfield>
    <subfield code="y">BK</subfield>
  </datafield>
  <datafield tag="952" ind1=" " ind2=" ">
    <subfield code="0">0</subfield>
    <subfield code="1">0</subfield>
    <subfield code="4">0</subfield>
    <subfield code="7">0</subfield>
    <subfield code="8">PHARMACY</subfield>
    <subfield code="a">JRU</subfield>
    <subfield code="b">JRU</subfield>
    <subfield code="c">SHELF - 17 - J</subfield>
    <subfield code="d">2022-02-09</subfield>
    <subfield code="e">PURCHASE</subfield>
    <subfield code="g">325.00</subfield>
    <subfield code="l">5</subfield>
    <subfield code="m">1</subfield>
    <subfield code="o">510.71</subfield>
    <subfield code="p">26129</subfield>
    <subfield code="r">2026-01-07 11:46:49</subfield>
    <subfield code="s">2025-12-30</subfield>
    <subfield code="w">2022-02-09</subfield>
    <subfield code="y">BK</subfield>
  </datafield>
</record>
